000 01108nam a2200121Ia 4500
008 220620s9999||||xx |||||||||||||| ||und||
100 _aRuston, Benjamin||Karbou, Fatima||Trigo, Isabel F.||Balsamo, Gianpaolo||Escobar, Vanessa M.||Drusch, Matthias||Mecklenburg, Susanne
245 0 _aAdvancing Earth Surface Representation via Enhanced Use of Earth Observations in Monitoring and Forecasting Applications
546 _aEnglish[eng]
650 _adirect and inverse methods||absorption coefficient||emissivity||land-surface model||n/a||variational retrieval||temporal autocorrelation||Bayesian bias correction||hyperspectral||infrared||BRDF||satellite rainfall||MCD43C1||penetration depth||RTTOV||earth-observations||earth system modelling||representative depth||land||Changjiang (Yangtze) estuary||CDOM||soil moisture||surface||Maqu network||surface soil moisture||MODIS||soil effective temperature||GOCI||microwave remote sensing||rain gauge||QAA inversion||broadband emissivity||radiation||surface parameters||satellite data||East Africa
856 _uhttps://mdpi.com/books/pdfview/book/1510
942 _cEB
999 _c24494
_d24494